La guerra de los mundos / (Registro nro. 8544)

Detalles MARC
000 -LIDER
fixed length control field 01032nam a22003257a 4500
001 - NÚMERO DE CONTROL
Identificador de número de control 007852
003 - IDENTIFICACDOR DE NÚMERO DE CONTROL
control field DO-SdBNP
005 - DATE AND TIME OF LATEST TRANSACTION
control field 20180125121203.0
007 - CAMPOS FIJOS DE DESCRIPCIÓN FÍSICA
fixed length control field 007852
008 - ELEMENTOS DE LONGITUD FIJA
fixed length control field 151102b sp 1999 xxu 00| 0 spa d
020 ## - ISBN
International Standard Book Number 8481301590
040 ## - FUENTE DE CATALOGACIÓN
Agencia que crea de manera original el registro BPMSU
Idioma de catalogación spa
Agencia que realiza la transcripción BPMSU
092 ## - LOCALLY ASSIGNED DEWEY DECIMAL CALL NUMBER
Número de clasificación 823.8
Número de ítem (Cutter) W45G
100 10 - ASIENTO PRINCIPAL -- NOMBRE PERSONAL
Nombre personal Wells, Herbert George,
Fechas asociadas con el nombre 1866-1946
245 13 - MENCIÓN DE TITULO
Título La guerra de los mundos /
Mención de responsabilidad Herbert G. Wells ; prólogo Nicolás Casariego ; traducción Ramiro de Maeztu
246 10 - VARIACION DEL TÍTULO
Título propiamente dicho o título corto The war of the worlds
260 ## - PUBLICACIÓN, DISTRIBUCIÓN, ETC. (PIE DE IMPRENTA)
Lugar de publicación, distribución, etc Madrid :
Nombre del editor, distribuidor, etc. Milenium
Fecha de publicación, distribución, etc 1999
300 ## - DESCRIPCIÓN FÍSICA
Extensión 224 p. :
Otros detalles físicos il.,
Dimensiones 20 cm.
490 10 - MENCIÓN DE SERIES
Mención de serie Tus libros
490 10 - MENCIÓN DE SERIES
Mención de serie Ciencia ficción
Volume/sequential designation 44
500 ## - NOTA GENERAL
Nota general La guerra de los mundos producida originalmente en 1953
504 ## - NOTA DE BIBLIOGRAFÍA, ETC.
Bibliography, etc Incluye referencias bibliográficas y notas al pie de las páginas
650 ## - ENCABEZAMIENTO DE MATERIA--TEMÁTICO
Fuente del encabezamiento o término NOVELA INGLESA
700 10 - ASIENTO SECUNDARIO -- NOMBRE PERSONAL
Nombre personal Santos, Domingo
Mención de responsabilidad tr.
700 10 - ASIENTO SECUNDARIO -- NOMBRE PERSONAL
Nombre personal Casariego, Nicolás
Mención de responsabilidad pról.
830 00 - ASIENTO SECUNDARIO DE SERIE--TÍTULO UNIFORME
Título uniforme Las 100 joyas del Milenium
942 ## - ADDED ENTRY ELEMENTS (KOHA)
Source of classification or shelving scheme Dewey Decimal Classification
Koha item type Libros
945 ## - INFORMACIÓN DE PROCESAMIENTO LOCAL
Información de procesamiento local inventariado, 2018 / dg
956 ## - LOCAL ELECTRONIC LOCATION AND ACCESS (OCLC)
Nombre de host Vmateo
Existencias
Withdrawn status Lost status Source of classification or shelving scheme Damaged status Not for loan Home library Current library Date acquired Total Checkouts Barcode Date last seen Price effective from Koha item type
    Dewey Decimal Classification     Biblioteca Pública Metropolitana Salomé Ureña Biblioteca Pública Metropolitana Salomé Ureña 11/04/2015   BPMSU15110048 11/04/2015 11/04/2015 Libros